LaLiga 2010/2011 - Statystyki

Ogólne statystyki
  • Ten quiz został rozwiązany 105 razy
  • Średni wynik to 12 z 20
Statystyki odpowiedzi
# klub % Poprawnych
2 FC Barcelona
99%
3 Real Madryt
99%
8 Atletico Madryt
97%
4 Valencia
90%
6 Sevilla
89%
5 Villarreal
81%
16 Real Sociedad
80%
7 Athletic Bilbao
73%
12 Malaga
62%
19 Deportivo
59%
9 Espanyol
57%
17 Getafe
56%
18 Mallorca
56%
15 Levante
53%
10 Osasuna
39%
1 Almeria
32%
14 Real Saragossa
32%
13 Racing Santander
27%
11 Sporting Gijon
21%
20 Hercules
7%
Nie znaleziono quizów pasujących do podanych kryteriów
Rozkład punktacji
Procent ludzi z każdym wynikiem
Percentyl według liczby udzielonych odpowiedzi
Twoja historia wyników
Nie rozwiązałeś tego quizu